Statistiques concernant Les 54 Pokemon dans le film Détective Pikachu

Cliquez ici pour prendre le quiz!

Statistiques générales

  • Ce quiz a été pris 220 fois
  • Le résultat moyen est 25 sur 54

Statistiques - réponses

PokedexPokemon% Correct
#25Pikachu
99%
#6Dracaufeu
98%
#1Bulbizarre
96%
#4Salamèche
94%
#7Carapuce
93%
#150Mewtwo
93%
#3Florizarre
91%
#9Tortank
89%
#19Rattata
68%
#18Roucarnage
68%
#130Leviator
67%
#54Psykokwak
66%
#39Rondoudou
64%
#129Magicarpe
63%
#143Ronflex
62%
#21Piafabec
58%
#132Metamorph
57%
#133Evoli
56%
#122M. Mime
56%
#389Torterra
56%
#658Amphinobi
54%
#190Capumain
54%
#104Osselait
52%
#94Ectoplasma
51%
#58Caninos
49%
#59Arcanin
48%
#136Pyroli
48%
#68Mackogneur
45%
#35Melofée
40%
#209Snubbull
39%
#108Excelangue
36%
#272Ludicolo
33%
#755Spododo
32%
#252Arcko
30%
#85Dodrio
30%
#84Doduo
27%
#294Ramboum
27%
#172Pichu
24%
#215Farfuret
21%
#626Frison
19%
#628Gueriaigle
19%
#627Furaiglon
18%
#175Togepi
18%
#75Gravalanch
17%
#674Pandespiègle
17%
#623Golemastoc
15%
#764Guérilande
15%
#289Monaflemit
15%
#675Pandarbare
15%
#509Chacripan
14%
#595Statitik
13%
#587Emolga
12%
#531Nanméouie
12%
#224Octillery
9%

Distribution des résultats

Percentile par nombre de réponses

% des personnes avec chaque résultat

Votre développement - résultats

Vous n’avez pas pris ce quiz